000 00311 a2200109 4500
082 _a526.9 KAN
100 _aKanetkar, T. P
245 _aSurveying and Levelling [Part I]
_ct. P. Kanetkar, S. V. Kulkarni
250 _a12th. ed.
260 _aPoona
_bCollege of Engineering
_c1977
300 _aviii, 608p. :
_bill, ;
_c20 cm.
650 _asurvey
999 _c194
_d194